00551 2200193 4500001002100000005001500021035002000036245007700056100001500133250000600148300003300154700001500187260004000202082001200242084001800254020002200272600004600294990001700340INLIS00000000000154720230310105345 a0010-03230000471 aNabi Nuh a.s dan Perahu Penyelamat /cAbu Razifa; Ilustrator, M. Isnaeni0 aAbu Razifa a- a12 hlm. :bilus. ;c17,5 cm.0 aM. Isnaeni aBandung :bMizan Media Utama,c2021 a297.246 a297.246 ABU n a978-623-254-207-5 4aNabi dan Rasul sebelum Nabi Muhammad SAW a05063/H/2023